| 000 | 01281nam a2200217 i 4500 | ||
|---|---|---|---|
| 001 | 151606 | ||
| 003 | ES-MaACL | ||
| 005 | 20250520202011.0 | ||
| 008 | 040909s1893 sp |||| | spa d | ||
| 040 |
_aCAM _bspa _cCAM |
||
| 110 | 2 |
_aAteneo de Vitoria. _91848 |
|
| 245 | 1 | 0 |
_aMemoria del curso de 1892 leída el 30 de diciembre de 1892 por el secretario Juan Enrique Merino / _cAteneo Científico, Literario y Artístico de Vitoria. |
| 260 |
_aVitoria : _b[s.n.], _c1893 ( _fEstablecimiento tipográfico de Domingo Sar) |
||
| 300 |
_a45, 18 p. ; _c28 cm. |
||
| 505 | 8 | _aContiene con portada propia: La vivienda del pobre, su influencia en la salubridad pública y necesidad urgente de mejorar sus condiciones higiénicas : discurso leído en la sesión celebrada en el salón de actos públicos por [sic] el Ateneo Científico, Literario y Artístico de vitoria en la noche del 30 de diciembre de 1892 | |
| 610 | 2 |
_aAteneo de Vitoria- _vMemorias. _9151231 |
|
| 700 | 1 | 1 |
_aMerino, Juan Enrique. _980524 |
| 700 | 1 |
_aApraiz y Sáenz del Burgo, Ramón de, _d1845-1926 _922128 |
|
| 852 |
_aES-MaACL _jT-662-F-10 _z-- Enc. hol., conservando la enc. editorial _z-- Enc. en un vol. facticio _z-- Enc. con el discurso del presidente del Ateneo de Vitoria |
||
| 999 |
_c151606 _d151606 |
||